<?xml version="1.0" encoding="UTF-8"?>
<record
    xmlns:xsi="http://www.w3.org/2001/XMLSchema-instance"
    xsi:schemaLocation="http://www.loc.gov/MARC21/slim http://www.loc.gov/standards/marcxml/schema/MARC21slim.xsd"
    xmlns="http://www.loc.gov/MARC21/slim">

  <leader>01174nam a22001937a 4500</leader>
  <controlfield tag="005">20260123111918.0</controlfield>
  <controlfield tag="008">241125b           ||||| |||| 00| 0 eng d</controlfield>
  <datafield tag="020" ind1=" " ind2=" ">
    <subfield code="a">9780008640170</subfield>
  </datafield>
  <datafield tag="040" ind1=" " ind2=" ">
    <subfield code="c">AL</subfield>
  </datafield>
  <datafield tag="041" ind1=" " ind2=" ">
    <subfield code="a">eng</subfield>
  </datafield>
  <datafield tag="082" ind1=" " ind2=" ">
    <subfield code="2">23</subfield>
    <subfield code="a">823.914</subfield>
    <subfield code="b">ARCE</subfield>
  </datafield>
  <datafield tag="100" ind1=" " ind2=" ">
    <subfield code="a">Jeffrey Archer</subfield>
    <subfield code="9">252360</subfield>
  </datafield>
  <datafield tag="245" ind1=" " ind2=" ">
    <subfield code="a">Eye for an eye</subfield>
  </datafield>
  <datafield tag="260" ind1=" " ind2=" ">
    <subfield code="a">Dublin</subfield>
    <subfield code="b">Harper Collins Publishers</subfield>
    <subfield code="c">2024</subfield>
  </datafield>
  <datafield tag="300" ind1=" " ind2=" ">
    <subfield code="a">viii,373p</subfield>
    <subfield code="b">PB</subfield>
    <subfield code="c">19x13cm</subfield>
  </datafield>
  <datafield tag="520" ind1=" " ind2=" ">
    <subfield code="a">In one of the most luxurious cities on earth, a billion-dollar deal is about to go badly wrong. A lavish night out is about to end in murder. And the British government is about to be plunged into crisis.
Thousands of miles away, in the leafy Berkshire countryside, Lord Hartley, the latest in a line of peers going back over two hundred years, lies dying. But his will triggers an inheritance with explosive consequences.
Two deaths. Continents apart. Completely unrelated.
So why are they at the centre of a master criminal's plot for revenge?
And can Scotland Yard&#x2019;s Chief Superintendent William Warwick uncover the truth before an innocent man's life and legacy are destroyed?</subfield>
  </datafield>
  <datafield tag="650" ind1=" " ind2=" ">
    <subfield code="a">English Fiction</subfield>
    <subfield code="9">186410</subfield>
  </datafield>
  <datafield tag="942" ind1=" " ind2=" ">
    <subfield code="2">ddc</subfield>
    <subfield code="c">BK</subfield>
  </datafield>
  <datafield tag="999" ind1=" " ind2=" ">
    <subfield code="c">231986</subfield>
    <subfield code="d">231986</subfield>
  </datafield>
  <datafield tag="952" ind1=" " ind2=" ">
    <subfield code="0">0</subfield>
    <subfield code="1">0</subfield>
    <subfield code="2">ddc</subfield>
    <subfield code="4">0</subfield>
    <subfield code="7">0</subfield>
    <subfield code="8">ENG</subfield>
    <subfield code="a">AL</subfield>
    <subfield code="b">AL</subfield>
    <subfield code="d">2024-11-21</subfield>
    <subfield code="e">amazon.in</subfield>
    <subfield code="g">324.00</subfield>
    <subfield code="l">1</subfield>
    <subfield code="o">823.914 ARCE</subfield>
    <subfield code="p">077415</subfield>
    <subfield code="r">2026-01-02 10:05:09</subfield>
    <subfield code="s">2025-12-19</subfield>
    <subfield code="v">324.00</subfield>
    <subfield code="w">2024-11-25</subfield>
    <subfield code="y">BK</subfield>
  </datafield>
</record>
